Κατάλογος Βιβλιοθηκών Mediterranean College

Introduction to global sustainable management / (Record no. 9921)

MARC details
000 -LEADER
fixed length control field 02195nam a22002537a 4500
005 - ΗΜΕΡΟΜΗΝΙΑ ΚΑΙ ΩΡΑ ΤΕΛΕΥΤΑΙΑΣ ΕΝΗΜΕΡΩΣΗΣ
Πεδίο ελέγχου 20250903105850.0
006 - FIXED-LENGTH DATA ELEMENTS--ADDITIONAL MATERIAL CHARACTERISTICS
Πεδίο ελέγχου σταθερού μήκους a|||||r|||||||||||
008 - FIXED-LENGTH DATA ELEMENTS--GENERAL INFORMATION
Πεδίο ελέγχου σταθερού μήκους t2022 caua b 001 0 eng||
020 ## - ISBN
ISBN 9781529771732
040 ## - ΠΗΓΗ ΚΑΤΑΛΟΓΟΓΡΑΦΗΣΗΣ
Φορέας πρωτότυπης καταλογογράφησης MC Athens Campus Library
Γλώσσα καταλογογράφησης Αγγλικά
100 ## - MAIN ENTRY--PERSONAL NAME
Personal name Combe, Colin,
Σχέση Συγγραφέας
9 (RLIN) 10082
245 10 - ΤΙΤΛΟΣ ΚΑΙ ΔΗΛΩΣΗ ΥΠΕΥΘΥΝΟΤΗΤΑΣ
Τίτλος Introduction to global sustainable management /
Statement of responsibility, etc. Colin Combe.
246 30 - VARYING FORM OF TITLE
Title proper/short title Global sustainable management
264 #1 - PRODUCTION, PUBLICATION, DISTRIBUTION, MANUFACTURE, AND COPYRIGHT NOTICE
Place of production, publication, distribution, manufacture Los Angeles :
Name of producer, publisher, distributor, manufacturer SAGE,
Date of production, publication, distribution, manufacture, or copyright notice 2022
300 ## - PHYSICAL DESCRIPTION
Extent 293 p. :
Other physical details ill. ;
Διαστάσεις 23 cm
504 ## - ΣΗΜΕΙΩΣΗ ΒΙΒΛΙΟΓΡΑΦΙΑΣ κλπ.
Σημείωση βιβλιογραφίας, κλπ. Includes bibliographical references (pages 271-285) and index.
505 0# - FORMATTED CONTENTS NOTE
Formatted contents note Global Sustainable Management: Introduction; Global Sustainable Management Theory; Strategic Thinking and Global Sustainability Management; Triple Bottom Line, Accountability and Transparency; Sustainability Skills and Competences; Sustainability Marketing; Sustainable Operations and Supply Chain Management; Ethics and Corporate Social Responsibility; Sustainability Culture; Sustainability Leadership
520 8# - SUMMARY, ETC.
Summary, etc. At a time when the effects of climate change are becoming all too real for ordinary citizens around the world, this essential textbook offers insight into how managers can shape and influence the development of sustainability practices as a means of tackling some of the most pressing social, economic, and environmental challenges. Featuring a distinctly international array case studies and examples, as well as learning outcomes, definitions, questions, tasks and further reading, Introduction to Global Sustainable Management provides readers with a valuable understanding of how sustainable management practices can be implemented in different industry sectors across the globe. Suitable for upper-level undergraduate and postgraduate students of sustainable management-related courses. A Tutor's Guide, PowerPoint slides and selected SAGE Business Cases are available to instructors via the companion website. Colin Combe is a senior lecturer in strategic management at Glasgow Caledonian University, UK.
650 #0 - SUBJECT ADDED ENTRY--TOPICAL TERM
Topical term or geographic name entry element Business enterprises
General subdivision Environmental aspects
9 (RLIN) 10083
650 #0 - SUBJECT ADDED ENTRY--TOPICAL TERM
Topical term or geographic name entry element Business
9 (RLIN) 9977
650 #0 - SUBJECT ADDED ENTRY--TOPICAL TERM
Topical term or geographic name entry element Sustainable development
9 (RLIN) 10046
942 ## - ADDED ENTRY ELEMENTS (KOHA)
Koha item type Books
Holdings
Τύπος τεκμηρίου Βιβλιοθήκη Τρέχουσα τοποθεσία Barcode Αριθμός εισαγωγής Ημερομηνία απόκτησης Ταξιθετικό σύμβολο Αριθμός αντιτύπου Κατάσταση απόσυρσης Κατάσταση χαμένου Κατάσταση κατεστραμμένου Μη δανεισμός Σύνολο δανεισμών Ημερομηνία τελευταίας εμφάνισης Χρονολογία τελευταίου δανεισμού Η τιμή ισχύει από
Books MC Athens Campus Library MC Athens Campus Library 9780000098924 8053 03/09/2025 658.4/083 1         1 26/09/2025 26/09/2025 03/09/2025

MC Athens Campus Library
Πατησίων 94 & Κοδριγκτώνος 13, 104 34
Πελλήνης 8 & Πατησίων 107, 112 51
Τ: +30 210 8899600

MC Thessaloniki Campus Library
Ίωνος Δραγούμη 21, 54625 | Ίωνος Δραγούμη 15, 54625
Τ: +30 2310 287779 – Τ: +30 2314 440300